Lataa...
الأنوار الزاهية في ديوان أبي العتاهية /
| Päätekijä: | |
|---|---|
| Aineistotyyppi: | Printed Book |
| LEADER | 00449nam a2200109Ia 4500 | ||
|---|---|---|---|
| 008 | 150527150527b xxu||||| |||| 00| 0 ara d | ||
| 082 | |a 811.401 | ||
| 100 | |a يسوعي | ||
| 245 | |c by يسوعي |a الأنوار الزاهية في ديوان أبي العتاهية / | ||
| 942 | |c BK | ||
| 999 | |c 174973 |d 174973 | ||
| 952 | |0 0 |1 0 |4 0 |6 811_401000000000000_يسو_ا |7 0 |9 193712 |a ARA |b ARA |c ST1 |d 2015-05-27 |i 1985 |l 0 |o 811.401 يسو/ا |p ARA001985 |r 2015-05-27 |w 2015-05-27 |y BK | ||